| 000 | 01830nam a2200397 i 4500 | ||
|---|---|---|---|
| 001 | 000041050 | ||
| 003 | DO-SdBNP | ||
| 005 | 20250620134750.0 | ||
| 007 | ta | ||
| 008 | 130916s2012 dr 000 p spa d | ||
| 020 | _a9789945475388 | ||
| 040 |
_aDO-SdBNP _bspa _cBNPHU _erda |
||
| 041 | _aspa | ||
| 082 | 4 |
_axxx _bE81n _222 |
|
| 245 | 0 | 0 |
_aEsto no es una antología : _bpalabras que sangran / _cprólogo, Ana Gorrída |
| 264 | 4 |
_aSanto Domingo : _bDirección General de la Feria del Libro, _c©2012. |
|
| 300 |
_a210 páginas ; _c23 cm. |
||
| 336 |
_atexto _btxt _2rdacontent |
||
| 337 |
_asin mediación _bn _2rdamedia |
||
| 338 |
_avolumen _bnc _2rdacarrier |
||
| 490 | 0 | _aColectivo el arañazo | |
| 500 | _aIncluye datos biográficos de los autores. | ||
| 500 | _aLiteratura que deja cicatrices | ||
| 505 | 0 |
_atheatrum mundi: La palabra en la escena de la soledad -- _t¡Sientese!, pintura fresca -- _rRicardo Rafael Cabrera Núñez / _t(Sobre) vivir -- _rAlexéi Tellerías / _tTrozos de un corazón deambulante -- _rDeidamia Rebeca Galán Cruz / _tÚltima noche: naufragio -- _rLauristely Peña Solano / _tPoemas para ser leído bajo la lluvia -- _rLuis Reynaldo Pérez / _tCollage y laberinto -- _rIsis Aquino / _tLa noche de las variables malditas -- _rLusmerlin Lantigua / _tLa malabarista insomne (memorial del cuerpo) -- _rAna María Fuster / |
|
| 590 | _aInventariado, 2020/ YL | ||
| 700 | 1 |
_aGorrída, Ana, _eprologuista _4pr. _977085 |
|
| 700 | 1 |
_aCabrera Núñez, Ricardo Rafael _975732 |
|
| 700 | 1 | 2 |
_aTellerías, Alexéi _977078 |
| 700 | 1 | 2 |
_aGalán Cruz, Deidamia Rebeca _977079 |
| 700 | 1 | 2 |
_aPeña Solano, Lauristely _943070 |
| 700 | 1 | 2 |
_aReynaldo Pérez, Luis _977080 |
| 700 | 1 | 2 |
_aAquino, Isis _977081 |
| 700 | 1 | 2 |
_aLantigua, Lusmerlin _977082 |
| 700 | 1 | 2 |
_aFuster, Ana María _954338 |
| 942 |
_2ddc _cLBS1 |
||
| 999 |
_c40540 _d40540 |
||